Štátny rozpočet v súčasnom kapitalizme sociálne a štátne poistenie za socializmu

Guardado en:
Detalles Bibliográficos
Autor principal: Háčik, Vladimír
Autor Corporativo: Národohospodárska fakulta VŠE. Katedra financií
Otros Autores: Petrenka, Ján, Horňák, Ján
Formato: Libro
Lenguaje:eslovaco
Publicado: Bratislava Rektorát VŠE 1966
Edición:2. vyd.
Colección:Doplňujúce študijné materiály 3/1966
Etiquetas: Agregar Etiqueta
Sin Etiquetas, Sea el primero en etiquetar este registro!

MARC

LEADER 00000nam a2200000 4500
001 0229238
005 20230222132845.6
041 0 |a slo 
044 |a SK 
245 1 0 |a Štátny rozpočet v súčasnom kapitalizme  |b sociálne a štátne poistenie za socializmu  |c V. Háčik, J. Petrenka, J. Horňák 
250 |a 2. vyd. 
264 1 |a Bratislava  |b Rektorát VŠE  |c 1966 
300 |a 104 s. 
490 1 |a Doplňujúce študijné materiály  |v 3/1966 
830 0 |a Doplňujúce študijné materiály  |v 3/1966 
100 1 |a Háčik, Vladimír 
700 1 |a Petrenka, Ján 
700 1 |a Horňák, Ján 
710 2 |a Národohospodárska fakulta VŠE. Katedra financií